| 000 | 01091nam a2200325 4500 | ||
|---|---|---|---|
| 001 | 58840 | ||
| 003 | CO-BoRNBP | ||
| 005 | 20250828161433.0 | ||
| 007 | ta | ||
| 008 | 830710s1982 sp a 000 spa | ||
| 017 |
_aZ 614-1982 _bOficina Depósito Legal Zaragoza |
||
| 020 | _a8470641417 | ||
| 040 |
_aIBH _bspa _cSpMaBN _erdc |
||
| 080 | _a860-13"18" | ||
| 100 | 1 |
_aEspronceda, José de _d1808-1842 _964149 |
|
| 245 | 1 | 3 |
_aEl estudiante de Salamanca _h[Texto impreso] _cJosé de Espronceda ; edición, prólogo y notas por ... Tomás Ruiz-Fábregas ... |
| 250 | _a1a. edición | ||
| 300 |
_a94 p., 3 h. _bil. _c17 cm |
||
| 336 |
_2rdacontent _atexto _btxt |
||
| 337 |
_2rdamedia _asin mediación _bn |
||
| 338 |
_2rdacarrier _avolumen _bnc |
||
| 490 | 0 |
_aBiblioteca clásica Ebro _v140. _aSerie Verso _v23 |
|
| 650 | _2LEMB | ||
| 700 | 1 |
_aRuiz-Fábregas, Tomás _964150 |
|
| 942 |
_2ddc _cBK |
||
| 956 | _a1 2 | ||
| 980 |
_aSpMaBN _bBNMADRID _j7/123546 _cSG_RECOLET |
||
| 980 |
_aZ 614-1982 _aSpMaBN _bBNALCALA _jAHM/270370 _cSG_PETANTI |
||
| 980 |
_aSpMaBN _bBNALCALA _jDL/204647 _cCONSERVACI |
||
| 999 |
_c58840 _d58840 |
||